| 000 | 00598nam a22002057a 4500 | ||
|---|---|---|---|
| 005 | 20250731123736.0 | ||
| 010 | _aENG-146251 | ||
| 020 |
_c250.00 _a9789392151187 |
||
| 035 | _aEN-129783 | ||
| 037 | _bDBAD | ||
| 082 |
_a658 _21 |
||
| 100 |
_aBanumathy, K. _983552 |
||
| 245 |
_aBusiness Organization and Mangement/ _cK. Banumathy, |
||
| 250 | _a1 | ||
| 260 |
_aTamil Nadu _bFirst Book Publishing _c2025 |
||
| 270 |
_bTamil Nadu _a61, 66 T. P. K. Main Road, Vasantha Nagar, Madurai, _e625003 |
||
| 300 |
_a152p. _c22cm(pb) |
||
| 760 | _bFirst | ||
| 942 |
_2ddc _cEN _h658 _mBAN |
||
| 999 |
_c212766 _d212766 |
||